000 00303 a2200145 4500
001 160125
020 _a
040 _cMagnum
100 _aPortes, Max de Figueiredo
240 1 0 _aA noite do festival
_lpor
245 1 0 _aA noite do festival
362 0 _a1899
697 _aIJ/ANIMAIS
942 _cBK
999 _c160125
_d160125